000 00451cam a2200193ua 4500
001 5458
008 150223n ii |||gr||||Z||||||eng
020 _a0091816971
040 _cMAIN
041 _aeng
082 _a823
100 _aJohnson, Spencer,
_eAuthor,
245 _aWho moved my cheese
_cby Spencer Johnson
250 _a1st.
260 _aLondon:
_bVermilion,
_c2002.
300 _a95p:
_c15cm.
653 _aEnglish fiction
942 _cBK
999 _c4638
_d4638